Word Ladder: Boxing's Greatest (Movie) Rivalry Quiz Stats

 Plays Quiz Updated Dec 1, 2015

Challenge
Share
Tweet
Embed
Score 0/19 Timer 03:00
3 Plays Today
Clue 5-Letter Word % Correct
To lose blood through a cutBLEED
95%
Mark made on cattleBRAND
94.9%
Lacking in tasteBLAND
94.3%
Chihuahua or Great Dane, for exampleBREED
94.3%
Mixture of two thingsBLEND
93.6%
One thousand dollars, slangilyGRAND
93.5%
Bullwinkle's partner👊ROCKY👊
92%
Overly self-confident and brashCOCKY
88.8%
Liquid used for coloringPAINT
86.7%
To slide a skateboard on a railingGRIND
86.1%
Clue 5-Letter Word % Correct
Handwriting in block lettersPRINT
85.3%
'With Arms Wide Open' band👊CREED👊
84.6%
'Common Sense' writer ThomasPAINE
83%
Ron Weasley portrayer RupertGRINT
82.1%
Meat, in SpanishCARNE
82%
'Hannah and Her Sisters' star MichaelCAINE
81.8%
Employee at an amusement parkCARNY
77.3%
Chris Kattan movie flop, '____ Romano'CORKY
75.3%
Campy, kitschy, or lameCORNY
72.9%

Today's Daily Dose

Missing Word
Biopics

Word Ladder
Food Idioms

Quick Pick
Diets

On This Day
December 18th II

You're not logged in!

Compare scores with friends on all Sporcle quizzes.
OR
Log In

You Might Also Like...

Show Comments

Extras

Top Quizzes Today


Score Distribution

Your Account Isn't Verified!

In order to create a playlist on Sporcle, you need to verify the email address you used during registration. Go to your Sporcle Settings to finish the process.

Report this User

Report this user for behavior that violates our Community Guidelines.

Details: